Исследование химического состава фракций торфяных гуминовых кислот: автореферат диссертации на соискание ученой степени кандидата технических наук; Спец. N 346 - Химическая технология топлива и газа

Bibliografiske detaljer
Hovedforfatter: Попова Л. Н.
Institution som forfatter: Калининский политехнический институт
Andre forfattere: Драгунов С. С. (научный руководитель)
Sprog:russisk
Udgivet: Калинин, 1969
Fag:
Format: MixedMaterials Bog
KOHA link:https://koha.lib.tpu.ru/cgi-bin/koha/opac-detail.pl?biblionumber=84011

MARC

LEADER 00000nam0a2200000 4500
001 84011
005 20231031100421.0
035 |a (RuTPU)RU\TPU\book\90325 
090 |a 84011 
100 |a 20051025d1969 k y0rusy50 ca 
101 0 |a rus 
102 |a RU 
105 |a y dm 001zy 
200 1 |a Исследование химического состава фракций торфяных гуминовых кислот  |e автореферат диссертации на соискание ученой степени кандидата технических наук  |e Спец. N 346 - Химическая технология топлива и газа  |f Л. Н. Попова  |g Калининский политехнический институт; науч. рук.: С. С. Драгунов 
210 |a Калинин  |d 1969 
215 |a 23 с. 
320 |a Библиогр.: с. 22-23 (6 назв.) 
610 1 |a гуминовые кислоты 
610 1 |a фракции 
610 1 |a химический состав 
610 1 |a исследование 
675 |a 662.64(048)  |v 3 
675 |a 661.73(048)  |v 3 
700 1 |a Попова  |b Л. Н. 
702 1 |a Драгунов  |b С. С.  |4 727 
712 0 2 |a Калининский политехнический институт 
801 1 |a RU  |b 63413507  |c 20051025  |g PSBO 
801 2 |a RU  |b 63413507  |c 20181207  |g PSBO 
942 |c BK